Spellbinding (Record no. 22089)

MARC details
000 -LEADER
fixed length control field 00423nam a22001817a 4500
003 - CONTROL NUMBER IDENTIFIER
control field IBSLLIB
005 - DATE AND TIME OF LATEST TRANSACTION
control field 20260508055245.0
008 - FIXED-LENGTH DATA ELEMENTS--GENERAL INFORMATION
fixed length control field 260508b |||||||| |||| 00| 0 eng d
020 ## - INTERNATIONAL STANDARD BOOK NUMBER
International Standard Book Number 0263124185
040 ## - CATALOGING SOURCE
Original cataloging agency IBSLLIB
Language of cataloging English
041 ## - LANGUAGE CODE
Language code of original Eng
082 ## - DEWEY DECIMAL CLASSIFICATION NUMBER
Classification number 823
Item number LAM
100 ## - MAIN ENTRY--PERSONAL NAME
Personal name Lamp , Charlotte
245 ## - TITLE STATEMENT
Title Spellbinding
260 ## - PUBLICATION, DISTRIBUTION, ETC. (IMPRINT)
Place of publication, distribution, etc. U.S :
Name of publisher, distributor, etc. Mills & Boon Limited ,
Date of publication, distribution, etc. 1990
300 ## - PHYSICAL DESCRIPTION
Extent 288 p. ;
Dimensions 22cm
942 ## - ADDED ENTRY ELEMENTS (KOHA)
Koha item type Lending Book
Holdings
Withdrawn status Lost status Damaged status Not for loan Collection code Permanent Location Current Location Shelving location Date acquired Source of acquisition Inventory number Full call number Barcode Koha item type Public note
        Lending Collection IBSL Library IBSL Library Lending Section 30/04/2026 Donation 10889 823 LAM 10889 Lending Book R-20
Copyright © 2024 IBSL Library, All rights reserved.
mail to: library@ibsl.lk | Contact: 0112425735 | Library Address: IBSL Library, 80A, Elvitigala Mawatha, Colombo 008